000 00316nam a22001337a 4500
008 180912b xxu||||| |||| 00| 0 eng d
020 _a9781412964814
041 _aeng
080 _a658
100 _a54
101 _aLID
245 _aMeeting the Ethical Challenges of Leadership
_cJohnson, C.E
942 _2udc
_cBK
999 _c47711
_d47711